| 000 | 00447nam a22001697a 4500 | ||
|---|---|---|---|
| 003 | NUST - PNEC | ||
| 005 | 20170116180839.0 | ||
| 008 | 150815b xxu||||| |||| 00| 0 eng d | ||
| 020 | _a057169160X | ||
| 040 | _cLIBRARY | ||
| 082 | _a005.133 LAF | ||
| 100 |
_95203 _aLafore, Robert |
||
| 245 |
_aObject-oriented programming in C++ _cRobert Lafore |
||
| 250 | _aThird Edition | ||
| 650 |
_95206 _aProgramming Language _xEE / ME |
||
| 942 |
_2ddc _cBK |
||
| 999 |
_c64328 _d64328 |
||